000 00735nam a2200241Ia 4500
003 OSt
005 20220923212154.0
006 a|||||r|||| 00| 0
007 ta
008 220922b |||||||| |||| 00| 0 hin d
024 _a151,350
037 _cTextual
040 _aARTS
_cARTS
_bhin
041 _2hin
_ahin
082 _aMD12, 152J8
100 _aबोस, हीरेन्द्रनाथ
_9162270
245 0 _aमृतिका उद्योग
246 _aMṛutikā udyoga
260 _c1958
490 _aहिन्दी समिति गं्रथमाला; 20
942 _hMD12, 152J8
_cTEXL
_2CC
999 _c307023
_d307023